[Event "Large KO, Standard Pace / >1700"]
[Site "SchemingMind.com"]
[Date "2009.04.02"]
[Round "-"]
[White "e_castle3"]
[Black "spoke"]
[Result "0-1"]
[WhiteCountry "PHI"]
[BlackCountry "GER"]
[WhiteElo "1700"]
[WhiteRD "68"]
[BlackElo "1776"]
[BlackRD "64"]
[GameID "198267"]

1. e4 e5 2. Nf3 Nc6 3. Bb5 Bb4 4. c3 Ba5 5. O-O Nge7 6. d4 exd4 7. cxd4 d5 8. e5 O-O 9. a3 Bg4 10. Be3 a6
11. Ba4 b5 12. Bc2 Bb6 13. Nbd2 Nxd4 14. Bxh7+ Kh8 15. Bc2 Nec6 16. h3 Bh5 17. g4 Nxf3+ 18. Nxf3 Bxe3 19. gxh5 Bf4 20. Qd3 g6
21. hxg6 fxg6 22. Qxg6 Rg8
0-1

[Event "Large KO, Standard Pace / >1700"]
[Site "SchemingMind.com"]
[Date "2009.04.02"]
[Round "-"]
[White "spoke"]
[Black "e_castle3"]
[Result "1/2-1/2"]
[WhiteCountry "GER"]
[BlackCountry "PHI"]
[WhiteElo "1776"]
[WhiteRD "64"]
[BlackElo "1700"]
[BlackRD "68"]
[GameID "198271"]

1. e4 e5 2. Nf3 Nc6 3. Bc4 Bc5 4. d3 Nf6 5. Nc3 O-O 6. Bg5 h6 7. Bxf6 Qxf6 8. Nd5 Qd8 9. a3 d6 10. b4 Bb6
11. h3 Be6 12. Nxb6 axb6 13. Bxe6 fxe6 14. c3 Qf6 15. O-O Rf7 16. Nh2 Raf8 17. Ng4 Qg6 18. Ra2 Ne7 19. a4 h5 20. Nh2 Qg5
21. Qd2 Qg6 22. a5 bxa5 23. Rxa5 Nc6 24. Ra2=
1/2-1/2

[Event "Large KO, Standard Pace / >1700"]
[Site "SchemingMind.com"]
[Date "2009.04.19"]
[Round "-"]
[White "rkttkr"]
[Black "MazetaFighter"]
[Result "1-0"]
[WhiteCountry "ENG"]
[BlackCountry "GRE"]
[WhiteElo "2102"]
[WhiteRD "70"]
[BlackElo "1994"]
[BlackRD "61"]
[GameID "201152"]

1. e4 e5 2. Nf3 Nc6 3. c3 d5 4. Bb5 dxe4 5. Nxe5 Qg5 6. Qa4 Qxe5 7. Bxc6+ bxc6 8. Qxc6+ Kd8 9. Qxa8 Nf6 10. Na3 Bc5
11. Nc4 Qf5 12. d4 exd3 13. O-O Ng4 14. Be3
1-0

[Event "Large KO, Standard Pace / >1700"]
[Site "SchemingMind.com"]
[Date "2009.04.20"]
[Round "-"]
[White "MazetaFighter"]
[Black "rkttkr"]
[Result "0-1"]
[WhiteCountry "GRE"]
[BlackCountry "ENG"]
[WhiteElo "1994"]
[WhiteRD "61"]
[BlackElo "2102"]
[BlackRD "70"]
[GameID "201161"]

1. e4 c5 2. Nf3 d6 3. d4 Nf6 4. Nc3 Qa5 5. Bd2 cxd4 6. Nd5 Qd8 7. Nxf6+ gxf6 8. Nxd4 Nc6 9. Be3 Bd7 10. c3 Qc8
11. Qd2 Ne5 12. b3 Ng4 13. h3 Nxe3 14. Qxe3 Bh6 15. Qf3 Qc5 16. Be2 Rc8 17. Bc4 b5 18. Be2 b4 19. Ba6 Qxc3+ 20. Qxc3 Rxc3
21. Bc4 Rg8 22. g3 Rc1+ 23. Ke2 Rxh1 24. Rxh1 Rg5 25. Nc2 a5 26. Ne3 Rc5 27. f4 Bc6 28. Kd3 f5
0-1

[Event "Large KO, Standard Pace / >1700"]
[Site "SchemingMind.com"]
[Date "2009.05.03"]
[Round "-"]
[White "Oskyrain"]
[Black "Aadsje"]
[Result "1-0"]
[WhiteCountry "ARG"]
[BlackCountry "NED"]
[WhiteElo "2322"]
[WhiteRD "100"]
[BlackElo "2165"]
[BlackRD "69"]
[GameID "202664"]

1. e4 c5 2. Nf3 Nc6 3. d4 cxd4 4. Nxd4 Nf6 5. Nc3 d6 6. Bg5 e6 7. Qd2 a6 8. O-O-O Bd7 9. f4 h6 10. Bh4 Nxe4
11. Qe1 Nf6 12. Nf5 Qa5 13. Nxd6+ Bxd6 14. Rxd6 O-O-O 15. Rd2 g5 16. Bf2 Ng4 17. Be2 Nxf2 18. Qxf2 Qf5 19. g3 gxf4 20. gxf4 Ne7
21. Bd3 Qa5 22. Rg1 Bc6 23. Rg7 Rhf8 24. Rh7 Nd5 25. Nxd5 Bxd5 26. a3 Qc7 27. Rxh6 Rg8 28. Qe3 Rg7 29. f5 Kb8 30. fxe6 Bxe6
31. Rh5 Rdg8 32. b3 Qc3 33. Qe5+ Qxe5 34. Rxe5 Rg1+ 35. Kb2 Rh8 36. a4 Rg4 37. Rf2 Kc7 38. Ree2 Rgh4 39. Bf5 Kd6 40. Bxe6 fxe6
41. Rf6 Rxh2 42. Rfxe6+ Kc5 43. R2e5+ Kd4 44. Re3 R8h3 45. R3e4+ Kd5 46. R4e5+ Kd4= 47. Re7 Rh7 48. a5 R7h6 49. Re1 Rh7 50. R7e5 R7h4
51. R1e3 Rg2 52. Re7 Rg5 53. Rd3+ Kc5 54. Rxb7 Rhg4 55. Rc7+ Kb5 56. Ka3 Kxa5 57. Rd6
1-0

[Event "Large KO, Standard Pace / >1700"]
[Site "SchemingMind.com"]
[Date "2009.05.01"]
[Round "-"]
[White "Mitchell-in"]
[Black "emvarela"]
[Result "1/2-1/2"]
[WhiteCountry "ENG"]
[BlackCountry "ARG"]
[WhiteElo "1786"]
[WhiteRD "63"]
[BlackElo "1807"]
[BlackRD "99"]
[GameID "202665"]

1. e4 e5 2. Nf3 Nc6 3. d4 exd4 4. Bc4 Bc5 5. c3 dxc3 6. Bxf7+ Kxf7 7. Qd5+ Ke8 8. Qxc5 d6 9. Qxc3 Qf6 10. O-O Qxc3
11. Nxc3 Nf6 12. Bg5 Be6 13. Bxf6 gxf6 14. Nd5 Bxd5 15. exd5= Ne5 16. Rfe1 Kd7 17. Nd4 c6 18. dxc6+ bxc6 19. Rad1 Rab8 20. b3 Rhe8
21. Nf5 d5 22. f4 Ng6 23. g3 Rxe1+ 24. Rxe1 Rb4 25. Kf2 a5 26. Kf3 a4 27. Re3 axb3 28. axb3 c5 29. h4 d4 30. Rd3 Ne7
31. Nxe7=
1/2-1/2

[Event "Large KO, Standard Pace / >1700"]
[Site "SchemingMind.com"]
[Date "2009.05.03"]
[Round "-"]
[White "Theodoric"]
[Black "Argeon"]
[Result "0-1"]
[WhiteCountry "ENG"]
[BlackCountry "BEL"]
[WhiteElo "1915"]
[WhiteRD "76"]
[BlackElo "1934"]
[BlackRD "91"]
[GameID "202666"]

1. e4 c5 2. c3 d6 3. d4 Nf6 4. dxc5 Nc6 5. cxd6 Nxe4 6. Nd2 Nxd6 7. Ngf3 Bf5 8. Nc4 Nxc4 9. Qxd8+ Rxd8 10. Bxc4 Bg4
11. O-O Bxf3 12. gxf3 e6 13. Re1 a6 14. Bg5 Be7 15. Bf4 O-O 16. Bb3 Rd3 17. Kg2 Rfd8 18. Bc2 R3d5 19. Be4 Rb5 20. Bxc6 bxc6
21. b3 Rf5 22. Re4 Bf6 23. Ra4 a5 24. Bc7 Rg5+ 25. Kf1 Rc8 26. Bxa5 Rxa5 27. Rc4 Rh5 28. Kg2 Rg5+ 29. Kf1 Rh5 30. Kg2 Rh4
31. Rc5 Be7 32. Ra5 Bd8 33. Ra6 Rh5 34. c4 Rg5+ 35. Kf1 Ra5 36. Rxa5 Bxa5 37. Rd1 Kf8 38. a3 Bc7 39. h3 Ke7 40. Rd3 Ra8
41. b4 Ra4 42. c5 Bf4 43. Rc3 Kf6 44. Ke2 Ra8 45. Ke1 Ke5 46. Kd1 Rd8+
0-1

[Event "Large KO, Standard Pace / >1700"]
[Site "SchemingMind.com"]
[Date "2009.05.04"]
[Round "-"]
[White "Aadsje"]
[Black "Oskyrain"]
[Result "0-1"]
[WhiteCountry "NED"]
[BlackCountry "ARG"]
[WhiteElo "2179"]
[WhiteRD "67"]
[BlackElo "2329"]
[BlackRD "111"]
[GameID "202673"]

1. d4 Nf6 2. Nf3 d5 3. c4 e6 4. Bg5 Be7 5. Nc3 h6 6. Bh4 O-O 7. e3 b6 8. Be2 Bb7 9. O-O Nbd7 10. Bg3 c5
11. Qc2 Ne4 12. cxd5 exd5 13. Bd3 Nxg3 14. fxg3 Nf6 15. Ne5 Bd6 16. Rae1 Bxe5 17. dxe5 Ng4 18. Bh7+ Kh8 19. Bf5 Nxe5 20. Rd1 Qg5
21. Rf4 Rad8 22. Bd3 Rfe8 23. Bb5 Re6 24. Bd3 Nxd3 25. Rxd3 Ba6 26. Rd1 Rxe3 27. Ra4 Qe5 28. Qd2 Bd3 29. Rxa7 d4
0-1

[Event "Large KO, Standard Pace / >1700"]
[Site "SchemingMind.com"]
[Date "2009.05.01"]
[Round "-"]
[White "emvarela"]
[Black "Mitchell-in"]
[Result "1-0"]
[WhiteCountry "ARG"]
[BlackCountry "ENG"]
[WhiteElo "1904"]
[WhiteRD "112"]
[BlackElo "1768"]
[BlackRD "63"]
[GameID "202674"]

1. e4 c6 2. d4 d5 3. Nc3 dxe4 4. Nxe4 Nf6 5. Nxf6+ gxf6 6. c4 Bf5 7. Nf3 e6 8. Bd3 Bxd3 9. Qxd3 Bd6 10. O-O Nd7
11. Be3 h5 12. d5 Ne5 13. Nxe5 Bxe5 14. Rfd1 h4 15. dxe6 Qxd3 16. exf7+ Kxf7 17. Rxd3 Bxb2 18. Rb1 Be5 19. Rd7+ Ke6 20. Rbxb7 Rhd8
21. Re7+ Kf5 22. g3 h3 23. f3 Rd1+ 24. Kf2 Rh1 25. g4+ Kg6 26. Rg7#
1-0

[Event "Large KO, Standard Pace / >1700"]
[Site "SchemingMind.com"]
[Date "2009.05.02"]
[Round "-"]
[White "Argeon"]
[Black "Theodoric"]
[Result "1-0"]
[WhiteCountry "BEL"]
[BlackCountry "ENG"]
[WhiteElo "1934"]
[WhiteRD "91"]
[BlackElo "1915"]
[BlackRD "76"]
[GameID "202675"]

1. d4 Nf6 2. c3 g6 3. Nf3 Bg7 4. Bg5 d6 5. Nbd2 h6 6. Bxf6 Bxf6 7. e3 Bd7 8. Bd3 O-O 9. Qb3 Nc6 10. Qxb7 Rb8
11. Qa6 Rxb2 12. O-O Rb6 13. Qa3 Qa8 14. Nc4 Rfb8 15. Nxb6 cxb6 16. Be4 a5 17. c4 Qa7 18. Rab1 Qc7 19. Qd3 Bg7 20. a3 Na7
21. Qe2 f5 22. Bc2 e5 23. dxe5 dxe5 24. e4 Be6 25. exf5 gxf5 26. Rfc1 e4 27. Qe3 Nc6 28. Ba4 Bf7 29. Bxc6 Qxc6 30. Nh4 Qf6
31. Qf4 Re8 32. c5 bxc5 33. Rxc5 Ba2 34. Rbc1 a4 35. Nxf5 Bf8 36. Rc8 Rxc8 37. Rxc8 Kh7 38. Rc7+ Kg8 39. Qg4+ Kh8 40. Ne3 Bd5
41. g3 Bc6 42. Rc8 Bb5 43. Qxe4 Bd7 44. Rc7 Qd6 45. Ra7
1-0

[Event "Large KO, Standard Pace / >1700"]
[Site "SchemingMind.com"]
[Date "2009.05.07"]
[Round "-"]
[White "tyler_ensor"]
[Black "sthorwall"]
[Result "0-1"]
[WhiteCountry "CAN"]
[BlackCountry "USA"]
[WhiteElo "1750"]
[WhiteRD "74"]
[BlackElo "1904"]
[BlackRD "63"]
[GameID "203045"]

1. d4 Nf6 2. c4 d5 3. cxd5 Nxd5 4. e4 Nf6 5. Nc3 e5 6. Nf3 exd4 7. Qxd4 Qxd4 8. Nxd4 Bb4 9. Nb5 Ba5 10. Bf4 Na6
11. Bc4 Nxe4 12. Nxc7+ Nxc7 13. Bxc7 Bxc7 14. Nxe4 Bf5 15. Bd5 O-O-O 16. O-O-O Rxd5 17. Rxd5 Bxe4 18. Rc5 b6 19. Rc3 Kb7 20. f3 Bf4+
21. Kd1 Rd8+ 22. Ke2 Rd2+
0-1

[Event "Large KO, Standard Pace / >1700"]
[Site "SchemingMind.com"]
[Date "2009.05.07"]
[Round "-"]
[White "sthorwall"]
[Black "tyler_ensor"]
[Result "1-0"]
[WhiteCountry "USA"]
[BlackCountry "CAN"]
[WhiteElo "1939"]
[WhiteRD "68"]
[BlackElo "1728"]
[BlackRD "70"]
[GameID "203048"]

1. e4 e5 2. f4 exf4 3. Nf3 g5 4. h4 g4 5. Ne5 Nf6 6. Nxg4 Nxe4 7. d3 Ng3 8. Bxf4 Nxh1 9. Qe2+ Qe7 10. Nf6+ Kd8
11. Bxc7+ Kxc7 12. Nd5+ Kd8 13. Nxe7 Bxe7 14. Qf3 Bxh4+ 15. Kd2 Nc6= 16. Qf4 Be7 17. g4 Rg8 18. Qh2 Rxg4 19. Qxh1 Bg5+ 20. Kd1 h6
21. Nc3 Be3 22. Qh3 Rg1 23. Ke2 Bc5 24. Qh4+ Ne7 25. Qxh6 d6 26. Qf8+
1-0

[Event "Large KO, Standard Pace / >1700"]
[Site "SchemingMind.com"]
[Date "2009.05.05"]
[Round "-"]
[White "Juan Jose Rivas Maceda"]
[Black "chesshub"]
[Result "1/2-1/2"]
[WhiteCountry "PER"]
[BlackCountry "FRA"]
[WhiteElo "2290"]
[WhiteRD "115"]
[BlackElo "2457"]
[BlackRD "73"]
[GameID "203321"]

1. e4 e5 2. Nf3 Nc6 3. Bb5 a6 4. Ba4 Nf6 5. O-O Be7 6. Re1 d6 7. c3 Bg4 8. d3 O-O 9. Nbd2 b5 10. Bb3 Na5
11. Bc2 c5 12. Nf1 Nc6 13. h3 Bh5 14. Ng3 Bg6 15. Nh4 d5 16. Nxg6 hxg6 17. exd5 Nxd5 18. Qg4 Qc8 19. Qf3 Rd8 20. a4 Qe6
21. axb5 axb5 22. Rxa8 Rxa8 23. Bb3 Rd8 24. Nf1 Na5 25. Ba2 b4 26. cxb4 cxb4 27. d4 Nc6 28. dxe5 Nxe5 29. Qe4 Nd3 30. Qxe6 fxe6
31. Rxe6 Kf8 32. Be3 Nxe3 33. Nxe3 Nxb2 34. Rxg6 Ra8 35. Bd5 Ra1+ 36. Kh2 Nd1 37. Rc6 Nxe3 38. Rc8+ Bd8 39. fxe3 Ke7 40. Rc4 Ba5
41. Rc5 Ra3 42. g3 Kd6 43. Rb5 Bc7 44. Bg8 Rxe3=
1/2-1/2

[Event "Large KO, Standard Pace / >1700"]
[Site "SchemingMind.com"]
[Date "2009.05.05"]
[Round "-"]
[White "chesshub"]
[Black "Juan Jose Rivas Maceda"]
[Result "1/2-1/2"]
[WhiteCountry "FRA"]
[BlackCountry "PER"]
[WhiteElo "2463"]
[WhiteRD "75"]
[BlackElo "2305"]
[BlackRD "115"]
[GameID "203326"]

1. e4 e5 2. Nf3 Nc6 3. Bb5 a6 4. Ba4 Nf6 5. O-O Be7 6. Re1 b5 7. Bb3 O-O 8. c3 d6 9. h3 Na5 10. Bc2 c5
11. d4 Qc7 12. Nbd2 Bd7 13. Nf1 Nc4 14. b3 Nb6 15. Ne3 Be6 16. Qe2 c4 17. Qd2 Rfd8 18. Ng5 Bc8 19. Ba3 g6 20. Nf3 Bb7
21. Ng4 Nxg4 22. hxg4 Rac8 23. b4 exd4 24. Nxd4 Bf6 25. g5 Bg7 26. f4 Re8 27. Rad1 Na4 28. Re3 Re7 29. Qe1 Rce8 30. f5 f6
31. fxg6 hxg6 32. gxf6 Bxf6 33. Qg3 Rg7 34. Bc1 Be5 35. Qg4 Qe7 36. Bxa4 bxa4 37. Nf3 Bc8 38. Qg5 Qxg5 39. Nxg5 Rge7 40. Kf2 Bg4
41. Rd5 Rf8+ 42. Kg1 Bf4 43. Re1 Bg3 44. Rf1 Rxf1+ 45. Kxf1 Bd7 46. Be3 Bc6 47. Rd4 Be5=
1/2-1/2

[Event "Large KO, Standard Pace / >1700"]
[Site "SchemingMind.com"]
[Date "2009.05.09"]
[Round "-"]
[White "Robert Pallett"]
[Black "Schaakmaatje"]
[Result "1-0"]
[WhiteCountry "ENG"]
[BlackCountry "NED"]
[WhiteElo "2282"]
[WhiteRD "82"]
[BlackElo "1755"]
[BlackRD "49"]
[GameID "203484"]

1. e4 d6 2. d4 g6 3. Nf3 Bg7 4. Nc3 c6 5. Bc4 b5 6. Bb3 Bg4 7. Bxf7+ Kf8 8. Bb3 Nf6 9. h3 Bxf3 10. Qxf3 Nd7
11. Be6
1-0

[Event "Large KO, Standard Pace / >1700"]
[Site "SchemingMind.com"]
[Date "2009.05.06"]
[Round "-"]
[White "Schaakmaatje"]
[Black "Robert Pallett"]
[Result "0-1"]
[WhiteCountry "NED"]
[BlackCountry "ENG"]
[WhiteElo "1755"]
[WhiteRD "49"]
[BlackElo "2282"]
[BlackRD "82"]
[GameID "203487"]

1. d4 Nf6 2. Bg5 Ne4 3. Bh4 c5 4. f3 g5 5. fxe4 gxh4 6. e3 Bh6 7. Kf2 cxd4 8. Qxd4 Rg8 9. Bc4 Nc6 10. Qd5 e6
11. Qh5 Bxe3+ 12. Kxe3 Qb6+ 13. Ke2 Rxg2+
0-1

[Event "Large KO, Standard Pace / >1700"]
[Site "SchemingMind.com"]
[Date "2009.05.12"]
[Round "-"]
[White "Teagy"]
[Black "acbrasileiro"]
[Result "0-1"]
[WhiteCountry "ENG"]
[BlackCountry "BRA"]
[WhiteElo "1840"]
[WhiteRD "76"]
[BlackElo "1978"]
[BlackRD "86"]
[GameID "203798"]

1. e4 c5 2. Nc3 d6 3. d3 Nf6 4. g3 Nc6 5. Bg2 g6 6. f4 Bg4 7. Nf3 h5 8. h3 Bxf3 9. Bxf3 Bg7 10. O-O a6
11. Be3 Nd4 12. Rb1 Nxf3+ 13. Qxf3 Qd7 14. d4 Qxh3 15. dxc5 Ng4
0-1

[Event "Large KO, Standard Pace / >1700"]
[Site "SchemingMind.com"]
[Date "2009.05.10"]
[Round "-"]
[White "acbrasileiro"]
[Black "Teagy"]
[Result "1/2-1/2"]
[WhiteCountry "BRA"]
[BlackCountry "ENG"]
[WhiteElo "2047"]
[WhiteRD "83"]
[BlackElo "1858"]
[BlackRD "74"]
[GameID "203807"]

1. e4 e6 2. d4 d5 3. exd5 exd5 4. Nf3 Bd6 5. Bd3 Nf6 6. O-O O-O 7. Bg5 h6 8. Bh4 c6 9. Re1 Bg4 10. Nbd2 Nbd7
11. c3 Qc7 12. Qc2 Rfe8 13. Bg3 Rxe1+ 14. Rxe1 Re8 15. Bxd6 Qxd6 16. Rxe8+ Nxe8 17. h3 Be6 18. Nb3 b6 19. Qe2 g6 20. Nbd2 f5
21. c4 Nef6 22. Ne5 Kg7 23. Ndf3 Ne4 24. g4 Ndf6 25. gxf5 Bxf5 26. Nh4 dxc4 27. Bxe4 Bxe4 28. Qxc4 Nd5 29. Qxc6 Qxc6 30. Nxc6 Nf4
31. Nxa7 Ne2+=
1/2-1/2

[Event "Large KO, Standard Pace / >1700"]
[Site "SchemingMind.com"]
[Date "2009.05.12"]
[Round "-"]
[White "The Stonewall"]
[Black "Harmonicus"]
[Result "1-0"]
[WhiteCountry "ENG"]
[BlackCountry "CHI"]
[WhiteElo "2317"]
[WhiteRD "92"]
[BlackElo "1912"]
[BlackRD "155"]
[GameID "204431"]

1. d4 Nf6 2. Nf3 e6 3. e3 c5 4. Bd3 d5 5. c3 Nc6 6. Nbd2 Bd6 7. O-O O-O 8. Qe2 e5 9. dxc5 Bxc5 10. e4 Bg4
11. exd5 Nxd5 12. Nb3 Bb6 13. h3 Nf4 14. Bxf4 Bxf3 15. Qxf3 exf4 16. Rad1 Qg5 17. Be4 Ne5 18. Qe2
1-0

[Event "Large KO, Standard Pace / >1700"]
[Site "SchemingMind.com"]
[Date "2009.05.12"]
[Round "-"]
[White "z"]
[Black "Wojciech  Langer"]
[Result "1-0"]
[WhiteCountry "IRQ"]
[BlackCountry "INT"]
[WhiteElo "1924"]
[WhiteRD "79"]
[BlackElo "1703"]
[BlackRD "73"]
[GameID "204432"]

1. d4 Nf6 2. c4 e6 3. Nc3 Bb4 4. Bd2 O-O 5. e3 b6 6. Bd3 Bb7 7. f3 Nc6 8. Nge2 d5 9. O-O Re8 10. Qc2 e5
11. Rad1 exd4 12. Nxd5 g6 13. Nxb4 Nxb4 14. Bxb4 c5 15. Bd2 dxe3 16. Bc3 Nh5 17. Bxg6 fxg6 18. Rxd8
1-0

[Event "Large KO, Standard Pace / >1700"]
[Site "SchemingMind.com"]
[Date "2009.05.12"]
[Round "-"]
[White "lemmie"]
[Black "sibelius"]
[Result "0-1"]
[WhiteCountry "NED"]
[BlackCountry "USA"]
[WhiteElo "1701"]
[WhiteRD "52"]
[BlackElo "2248"]
[BlackRD "87"]
[GameID "204433"]

1. e4 c5 2. Nf3 g6 3. Nc3 Bg7 4. Bc4 Nc6 5. a3 Nf6 6. d3 d6 7. Ng5 Ne5 8. Ba2 O-O 9. O-O h6 10. Nf3 Bg4
11. h3 Nxf3+ 12. gxf3 Bxh3 13. Re1 Nh5 14. Ne2 e6 15. Ng3 Qh4 16. Nxh5 gxh5 17. Qd2 Bd4 18. Re2 Qg3+
0-1

[Event "Large KO, Standard Pace / >1700"]
[Site "SchemingMind.com"]
[Date "2009.05.16"]
[Round "-"]
[White "baron1"]
[Black "griffimv"]
[Result "1/2-1/2"]
[WhiteCountry "ENG"]
[BlackCountry "INT"]
[WhiteElo "2384"]
[WhiteRD "118"]
[BlackElo "2382"]
[BlackRD "78"]
[GameID "204434"]

1. c4 Nf6 2. Nc3 e5 3. Nf3 Nc6 4. g3 d5 5. cxd5 Nxd5 6. Bg2 Nb6 7. O-O Be7 8. a3 O-O 9. d3 Be6 10. b4 a5
11. b5 Nd4 12. Nd2 c6 13. bxc6 Nxc6 14. Rb1 Rc8 15. Nf3 Nd4 16. Bd2 Nc6 17. Na4 Nxa4 18. Qxa4 Rc7 19. Rfc1 Qd7 20. Be3 Rfc8
21. Rd1 Nd4 22. Qxd7 Rxd7 23. Bxd4 exd4 24. Ne5 Rdc7 25. Bxb7 Rb8 26. Be4 Rbc8 27. Nf3 Rd8 28. Rb5 a4 29. Ra5 Bb3 30. Ra1 Rc2
31. Kf1 g6 32. Ra6 Bf8 33. g4 Kg7 34. Ne5 Rdc8 35. Nc6 Bc5 36. Bf3 Re8 37. Kg2 h6 38. h4 Re6 39. Ra8 Rf6 40. Kf1 Rc3
41. h5 gxh5 42. gxh5 Rf5 43. Kg2 Rg5+ 44. Kh1 Bc2 45. Nb4 Bb3 46. Ra6 Be7 47. Rg1 Rxg1+ 48. Kxg1 Bd1 49. Ra7 Bd6 50. Ra5 Rc5
51. Ra8 Rg5+ 52. Kf1 Bh2 53. Bg2 Re5 54. Nc6 Bxe2+ 55. Ke1 Bf3+ 56. Kf1 Be2+=
1/2-1/2

[Event "Large KO, Standard Pace / >1700"]
[Site "SchemingMind.com"]
[Date "2009.05.12"]
[Round "-"]
[White "palszab"]
[Black "baobab"]
[Result "1-0"]
[WhiteCountry "HUN"]
[BlackCountry "ITA"]
[WhiteElo "1837"]
[WhiteRD "99"]
[BlackElo "1697"]
[BlackRD "78"]
[GameID "204435"]

1. e4 e5 2. Nf3 Nc6 3. Bb5 d6 4. d4 Bd7 5. d5 Nce7 6. Qd3 Nf6 7. Nc3 a6 8. Bxd7+ Qxd7 9. Bg5 Qg4 10. O-O O-O-O
11. b4 c6 12. a4 cxd5 13. Bxf6 gxf6 14. h3 Qe6 15. Nxd5 Nxd5 16. Qxd5 Qd7 17. c4 Rg8 18. Kh2 Bh6 19. b5 a5 20. b6 Rg6
21. Qxa5 Qc6 22. Nh4 Rg7 23. Nf5 Bf4+ 24. g3 Qxe4 25. Nxg7 Bh6 26. Rae1 Qf3 27. Re3 Bxe3 28. fxe3 Qe2+ 29. Kg1 Qxe3+ 30. Kg2 Qe4+
31. Rf3 Qe2+ 32. Rf2 Qe4+ 33. Kh2 Kd7 34. Qd5 Qxd5 35. cxd5
1-0

[Event "Large KO, Standard Pace / >1700"]
[Site "SchemingMind.com"]
[Date "2009.05.12"]
[Round "-"]
[White "Harmonicus"]
[Black "The Stonewall"]
[Result "0-1"]
[WhiteCountry "CHI"]
[BlackCountry "ENG"]
[WhiteElo "1926"]
[WhiteRD "157"]
[BlackElo "2300"]
[BlackRD "90"]
[GameID "204444"]

1. e4 c5 2. Nc3 g6 3. g3 Bg7 4. Bg2 Nc6 5. d3 d6 6. Be3 Nf6 7. h3 O-O 8. f4 Ne8 9. f5 gxf5 10. Qd2 fxe4
11. dxe4 b5 12. Bh6 b4
0-1

[Event "Large KO, Standard Pace / >1700"]
[Site "SchemingMind.com"]
[Date "2009.05.12"]
[Round "-"]
[White "Wojciech  Langer"]
[Black "z"]
[Result "0-1"]
[WhiteCountry "INT"]
[BlackCountry "IRQ"]
[WhiteElo "1700"]
[WhiteRD "77"]
[BlackElo "1864"]
[BlackRD "79"]
[GameID "204445"]

1. d4 d5 2. c4 dxc4 3. e4 e5 4. Nf3 exd4 5. Bxc4 c5 6. Bxf7+ Kxf7 7. Ne5+ Ke6 8. Nc4 Nf6 9. e5 Nc6 10. exf6 Qxf6
11. O-O Kd7 12. Nbd2 b5 13. Ne4 Qe6 14. Re1 Qxc4 15. Qg4+ Kc7 16. Qf4+ Kb6 17. a4 b4 18. Bd2 Bd7 19. Rac1 Qd5 20. a5+ Nxa5
21. Bxb4 Rc8 22. Bxa5+ Kxa5 23. b4+ Kb6 24. bxc5+ Bxc5 25. Rb1+ Bb5 26. Rb2 a6 27. Rd1 Rhf8 28. Qg4 d3
0-1

[Event "Large KO, Standard Pace / >1700"]
[Site "SchemingMind.com"]
[Date "2009.05.12"]
[Round "-"]
[White "sibelius"]
[Black "lemmie"]
[Result "1-0"]
[WhiteCountry "USA"]
[BlackCountry "NED"]
[WhiteElo "2251"]
[WhiteRD "87"]
[BlackElo "1673"]
[BlackRD "53"]
[GameID "204446"]

1. e4 e5 2. Nf3 Nc6 3. d4 exd4 4. Bc4 Bb4+ 5. c3 dxc3 6. bxc3 Ba5 7. O-O d6 8. Qb3 Qe7 9. e5 dxe5 10. Ba3 Qf6
11. Nbd2 Bb6 12. Ne4 Qg6 13. Nh4 Na5 14. Bb5+ c6 15. Qb4 Qe6 16. Qf8+ Kd7 17. Rad1+ Kc7 18. Bd6+ Kd7 19. Bb8+
1-0

[Event "Large KO, Standard Pace / >1700"]
[Site "SchemingMind.com"]
[Date "2009.05.16"]
[Round "-"]
[White "griffimv"]
[Black "baron1"]
[Result "0-1"]
[WhiteCountry "INT"]
[BlackCountry "ENG"]
[WhiteElo "2282"]
[WhiteRD "81"]
[BlackElo "2429"]
[BlackRD "108"]
[GameID "204447"]

1. e4 c6 2. d4 d5 3. e5 c5 4. dxc5 Nc6 5. Bb5 e6 6. Be3 Ne7 7. c3 Nf5 8. Bd4 Bd7 9. Bxc6 Bxc6 10. Nf3 Nxd4
11. Qxd4 Qc7 12. b4 b6 13. cxb6 axb6 14. O-O Be7 15. Nbd2 O-O 16. a3 Ra4 17. c4 Rfa8 18. cxd5 Bxd5 19. Rac1 Qb7 20. Nc4 Bxc4
21. Qxc4 Rxa3 22. Nd4 R8a7 23. Nb5 g6 24. Nxa7 Rxa7 25. Ra1 Qc7 26. Qd4 Qd7 27. Qxb6 Rb7 28. Ra8+ Kg7 29. Qe3 Qd5 30. Ra5 Qd8
31. Ra4 Rxb4 32. Rxb4 Bxb4 33. Rb1 Ba5 34. Qf4 Bc7 35. g3 Qd5 36. Re1 Kg8 37. Qe4 Qa5 38. Kg2 Kg7 39. f4 Bb6 40. g4 Qd2+
41. Re2 Qc1 42. Rc2 Qg1+ 43. Kh3 Qd1 44. Qe2 Qd4 45. Kg3 Qg1+ 46. Kh4 Qd4 47. Kg3 Qg1+ 48. Qg2 Qe1+ 49. Kh3 Qd1 50. Rd2 Qc1
51. Qe2 Ba5 52. Rd4 Bb6 53. Rd6 Bc5 54. Rd2 Bb4 55. Rd4 Bc5 56. Rc4 Qa3+ 57. Kg2 Qa5 58. Qd3 Ba7 59. Rc2 Qa4 60. Qc4 Qa1
61. Qe2 Bd4 62. Qf3 Qb1 63. Rd2 Qb4 64. Qe2 Bb6 65. Kg3 Qc3+ 66. Rd3 Qc5 67. h4 Qg1+ 68. Qg2 Bf2+ 69. Kh3 Qb1
0-1

[Event "Large KO, Standard Pace / >1700"]
[Site "SchemingMind.com"]
[Date "2009.05.12"]
[Round "-"]
[White "baobab"]
[Black "palszab"]
[Result "1-0"]
[WhiteCountry "ITA"]
[BlackCountry "HUN"]
[WhiteElo "1697"]
[WhiteRD "78"]
[BlackElo "1837"]
[BlackRD "99"]
[GameID "204448"]

1. e4 e5 2. f4 d5 3. exd5 c6 4. fxe5 Qxd5 5. Nf3 Bg4 6. d4 Be7 7. Nc3 Bb4 8. Be2 Bxc3+ 9. bxc3 Ne7 10. O-O O-O
11. Qd3 Ng6 12. c4 Qd7 13. h3 Bf5 14. Qb3 Na6 15. Ba3 Rfd8 16. c3 Nf4 17. Qb2 Rab8 18. Qd2 Nxe2+ 19. Qxe2 Nc7 20. Bd6 Rbc8
21. Nh4 Bg6 22. Nxg6 hxg6 23. c5 Nb5 24. Qf3 Qe6 25. a4 Nc7 26. Rab1 Nd5 27. c4 Nc7 28. Rxb7 Rd7 29. Qxc6 g5= 30. d5 Qe8
31. e6 Kh7 32. exd7 Qe3+ 33. Kh1 g4 34. dxc8=Q gxh3 35. Qxh3+ Qxh3+ 36. gxh3
1-0

[Event "Large KO, Standard Pace / >1700"]
[Site "SchemingMind.com"]
[Date "2009.06.22"]
[Round "-"]
[White "reo"]
[Black "spoke"]
[Result "1-0"]
[WhiteCountry "THA"]
[BlackCountry "GER"]
[WhiteElo "1812"]
[WhiteRD "74"]
[BlackElo "1832"]
[BlackRD "60"]
[GameID "209080"]

1. d4 d5 2. c4 e6 3. Nf3 Nf6 4. Nc3 Be7 5. Bf4 c6 6. e3 Nbd7 7. h3 dxc4 8. Bxc4 Nb6 9. Bd3 Nbd5 10. Nxd5 exd5
11. O-O O-O 12. Qc2 Ne4 13. Bxe4 dxe4 14. Qxe4 Be6 15. Nd2 Bd5 16. Qf5 Be6 17. Qh5 c5 18. Nf3 Bd5 19. Rfd1 g6 20. Qh6 Bxf3
21. gxf3 c4 22. d5 Bf6 23. Rac1 Bg7 24. Qg5 Qxg5+ 25. Bxg5 Bxb2 26. Rxc4 b6 27. Be7
1-0

[Event "Large KO, Standard Pace / >1700"]
[Site "SchemingMind.com"]
[Date "2009.06.22"]
[Round "-"]
[White "spoke"]
[Black "reo"]
[Result "0-1"]
[WhiteCountry "GER"]
[BlackCountry "THA"]
[WhiteElo "1823"]
[WhiteRD "63"]
[BlackElo "1841"]
[BlackRD "72"]
[GameID "209089"]

1. e4 c5 2. Nf3 d6 3. d4 cxd4 4. Nxd4 Nc6 5. Nc3 a6 6. Be3 Nf6 7. Be2 e6 8. O-O Be7 9. a4 O-O 10. f4 Qc7
11. Qe1 Nxd4 12. Bxd4 e5 13. Be3 exf4 14. Bxf4 Be6 15. Qd2 Rad8 16. Kh1 Qc6 17. e5 dxe5
0-1